Почему я люблю Россию. Вып. 1 (1) (Запись № 12110530)

Подробности
000 -МАРКЕР
контрольное поле 00988nam2a2200217 4500
001 - ИДЕНТИФИКАТОР ЗАПИСИ
контрольное поле RU\NLR\BIBL_A\012477175
005 - ИДЕНТИФИКАТОР ВЕРСИИ
контрольное поле 20250624044113.0
010 ## - МЕЖДУНАРОДНЫЙ СТАНДАРТНЫЙ НОМЕР КНИГИ (ISBN)
Номер (ISBN) 978-5-91419-705-3
035 ## - ДРУГИЕ СИСТЕМНЫЕ НОМЕРА
Идентификатор записи (NLR Aleph) 012477175
100 ## - ДАННЫЕ ОБЩЕЙ ОБРАБОТКИ
Данные общей обработки 20210317d2012 |||y0rusy50 ca
101 0# - ЯЗЫК РЕСУРСА
Язык текста, звукозаписи и т.д. русский
102 ## - СТРАНА ПУБЛИКАЦИИ ИЛИ ПРОИЗВОДСТВА
Страна публикации Российская Федерация
200 0# - ЗАГЛАВИЕ И СВЕДЕНИЯ ОБ ОТВЕТСТВЕННОСТИ
Основное заглавие Вып. 1 (1)
210 ## - ПУБЛИКАЦИЯ, РАСПРОСТРАНЕНИЕ И ДР.
Дата издания, распространения и т.д. 2012
Место издания, распространения и т.д. Б. м.
461 #0 - УРОВЕНЬ НАБОРА
Встроенное поле 001RU\NLR\BIBL_A\012311101
-- 2001#$aПочему я люблю Россию$eвоенно-патриотический альманах$fС.-Петерб. союз суворовцев, нахимовцев и кадет$vВып. 1 (1)
Системный номер (АБИС) связанной записи 11370998
Место публикации Санкт-Петербург
Дата публикации 2012 -
Первые сведения об ответственности С.-Петерб. союз суворовцев, нахимовцев и кадет
Имя издателя, распространителя и т.д. Алетейя
Сведения, относящиеся к заглавию военно-патриотический альманах
Заглавие Почему я люблю Россию
Номер тома Вып. 1 (1)
852 ## - МЕСТОНАХОЖДЕНИЕ И ШИФР ХРАНЕНИЯ
Идентификатор организации NLR
Шифр хранения (Call Number) П10/7837
942 ## - ДОПОЛНИТЕЛЬНЫЕ ЭЛЕМЕНТЫ ЗАПИСИ (АБИС)
Тип экземпляра АБИС Выпуск
980 ## - КОЛЛЕКЦИЯ
Название коллекции Национальная библиография
980 ## - КОЛЛЕКЦИЯ
Название коллекции Русская периодика

Нет доступных экземпляров.